[Event "Wch U16"]
[Site "Montesilvano"]
[Date "2023.11.24"]
[Round "11"]
[White "Borrmann, Laurenz"]
[Black "Poupalos, Nikolaos"]
[Result "1-0"]
[WhiteElo "2309"]
[BlackElo "2156"]
[PlyCount "73"]
[EventDate "2023.11.13"]
[EventType "swiss"]
[EventRounds "11"]
[EventCountry "ITA"]
[SourceTitle "CB48_2023"]
[SourceDate "2023.11.29"]
[SourceVersion "1"]
[SourceVersionDate "2023.11.29"]
[SourceQuality "1"]

1. e4 c5 2. Nf3 d6 3. d4 cxd4 4. Nxd4 Nf6 5. Nc3 a6 6. f3 e5 7. Nb3 Be6 8. Be3 h5 9. Qd2 Nbd7 10. Nd5 Bxd5 11. exd5 g6 12. Be2 Bg7 13. 0-0 b6 14. Kh1 0-0 15. Rad1 Re8 16. Qe1 Nc5 17. g4 e4 18. gxh5 exf3 19. Rxf3 Nxh5 20. Nxc5 bxc5 21. Qf2 Nf6 22. Rg1 Ne4 23. Qg2 Ra7 24. Bd3 Qe7 25. Bc1 c4 26. Bxc4 Rc8 27. Bd3 Nc5 28. Bf5 Rb8 29. c4 a5 30. Bb1 Re8 31. b3 Qe2 32. Rf2 Qe7 33. Bg5 Qe5 34. Bf4 Qe7 35. Rgf1 Be5 36. Bg5 Qc7 37. Bf6 1-0

[Event "AUT-chT U18 rapid"]
[Site "Vienna"]
[Date "2023.10.29"]
[Round "2.2"]
[White "Pilshofer, Paul"]
[Black "Borrmann, Laurenz"]
[Result "0-1"]
[WhiteElo "2128"]
[BlackElo "2283"]
[PlyCount "84"]
[EventDate "2023.10.29"]
[EventType "team-swiss"]
[EventRounds "7"]
[EventCountry "AUT"]
[SourceTitle "Mega2024 Update 01"]
[Source "Chessbase"]
[SourceDate "2023.11.12"]
[SourceVersion "1"]
[SourceVersionDate "2023.11.12"]
[SourceQuality "1"]
[WhiteTeam "Burgenland U18"]
[BlackTeam "Vienna U18"]
[WhiteTeamCountry "AUT"]
[BlackTeamCountry "AUT"]

1. d4 Nf6 2. Nf3 d5 3. g3 Bf5 4. Bg2 e6 5. 0-0 h6 6. c4 c6 7. Nc3 Be7 8. Nd2 Nbd7 9. e4 dxe4 10. Ndxe4 Nxe4 11. Nxe4 Nf6 12. Nc3 Qb6 13. Na4 Qa6 14. Qb3 Rd8 15. Rd1 Bg4 16. Re1 0-0 17. Be3 Nd7 18. Bf1 b6 19. h3 Bf5 20. Rad1 Qc8 21. Nc3 c5 22. d5 Ne5 23. Bg2 Bf6 24. Ne4 Bxe4 25. Bxe4 exd5 26. cxd5 Qxh3 27. Bg2 Qh5 28. Qa4 Ng4 29. Bc1 Bd4 30. Rxd4 cxd4 31. Qxd4 Rfe8 32. Rd1 Ne5 33. d6 Nf3+ 34. Bxf3 Qxf3 35. Be3 Rd7 36. Rc1 Red8 37. Bf4 h5 38. Rc7 h4 39. gxh4 Qg4+ 40. Kf1 Rxd6 41. Qxd6 Rxd6 42. Bxd6 Qd1+ 0-1

[Event "EU-ch U16 rapid"]
[Site "Terme Catez"]
[Date "2023.09.29"]
[Round "9"]
[White "Perea Fruet, Lorenzo"]
[Black "Borrmann, Laurenz"]
[Result "0-1"]
[WhiteElo "2272"]
[BlackElo "2210"]
[PlyCount "82"]
[EventDate "2023.09.28"]
[EventType "swiss (rapid)"]
[EventRounds "9"]
[EventCountry "SLO"]
[SourceTitle "EXT 2024"]
[Source "ChessBase"]
[SourceDate "2023.10.10"]
[SourceVersion "1"]
[SourceVersionDate "2023.10.10"]
[SourceQuality "1"]

1. e4 e5 2. Nf3 Nc6 3. Bb5 a6 4. Bxc6 dxc6 5. 0-0 Bd6 6. d4 exd4 7. Qxd4 f6 8. Be3 Ne7 9. Nbd2 Ng6 10. Rad1 0-0 11. Nc4 Be7 12. Qxd8 Bxd8 13. Nd4 Re8 14. f3 c5 15. Nb3 b6 16. Bf2 a5 17. Ne3 a4 18. Nc1 Ne5 19. Rd2 c6 20. Rfd1 Be7 21. Bg3 Be6 22. h3 c4 23. Ne2 a3 24. b3 Bb4 25. c3 Bc5 26. Bf2 cxb3 27. axb3 Bxb3 28. Ra1 Bxe3 29. Bxe3 Nc4 30. Nd4 Nxd2 31. Bxd2 Ba4 32. Rxa3 c5 33. Nf5 Bd7 34. Rb3 Bxf5 35. exf5 Re2 36. Bf4 Ra1+ 37. Kh2 Raa2 38. Rxb6 Rxg2+ 39. Kh1 Rgb2 40. Rb8+ Rxb8 41. Bxb8 Rc2 0-1

[Event "Vienna Ottakring 100 Years"]
[Site "Vienna"]
[Date "2023.09.01"]
[Round "7"]
[White "Borrmann, Laurenz"]
[Black "Pavlovic, Milos"]
[Result "0-1"]
[WhiteElo "2284"]
[BlackElo "2402"]
[PlyCount "50"]
[EventDate "2023.08.26"]
[EventType "swiss"]
[EventRounds "9"]
[EventCountry "AUT"]
[SourceTitle "EXT 2024"]
[Source "ChessBase"]
[SourceDate "2023.10.10"]
[SourceVersion "1"]
[SourceVersionDate "2023.10.10"]
[SourceQuality "1"]

1. d4 Nf6 2. c4 e6 3. Nc3 d5 4. cxd5 exd5 5. Bg5 c6 6. Qc2 Be7 7. e3 Nbd7 8. Bd3 Nf8 9. Nf3 Ne6 10. Bh4 g6 11. h3 0-0 12. Ne5 Nd7 13. Bg3 Nxe5 14. Bxe5 Bd6 15. Bxd6 Qxd6 16. 0-0 Bd7 17. a4 Rae8 18. b4 f5 19. b5 f4 20. Bxg6 Re7 21. Bh5 f3 22. h4 fxg2 23. Kxg2 Rg7+ 24. Kh1 Nxd4 25. exd4 Rf4 0-1

[Event "World ol U16"]
[Site "Eindhoven"]
[Date "2023.08.17"]
[Round "8.4"]
[White "Han, Yichen"]
[Black "Borrmann, Laurenz"]
[Result "1/2-1/2"]
[WhiteElo "2413"]
[BlackElo "2284"]
[PlyCount "112"]
[EventDate "2023.08.13"]
[EventType "team-swiss"]
[EventRounds "9"]
[EventCountry "NED"]
[SourceTitle "CBM 215 Extra"]
[Source "ChessBase"]
[SourceDate "2023.09.30"]
[SourceVersion "1"]
[SourceVersionDate "2023.09.30"]
[SourceQuality "1"]
[WhiteTeam "Netherlands"]
[BlackTeam "Austria"]
[WhiteTeamCountry "NED"]
[BlackTeamCountry "AUT"]

1. d4 Nf6 2. Nf3 d5 3. Bf4 e6 4. e3 Bd6 5. Nbd2 0-0 6. c3 Bxf4 7. exf4 b6 8. a4 c5 9. Be2 Nc6 10. Bb5 Ne7 11. 0-0 Nf5 12. Bd3 a5 13. Bxf5 exf5 14. Re1 Ne4 15. Ne5 Qd6 16. dxc5 Qxc5 17. Nd3 Qc7 18. Nf3 Ba6 19. g3 Nc5 20. Nfe5 Rad8 21. Nc1 Rfe8 22. Nb3 f6 23. Nf3 Re4 24. Nbd2 Rxe1+ 25. Qxe1 Qd7 26. Nd4 Re8 27. Qd1 g6 28. N2f3 Re7 29. h4 Kg7 30. Kg2 Qe8 31. b4 Ne4 32. bxa5 bxa5 33. Qb3 Bc4 34. Qb2 h5 35. Qc2 Nc5 36. Qb2 Nd3 37. Qc2 Ne1+ 38. Nxe1 Rxe1 39. Rxe1 Qxe1 40. Qb2 Kh6 41. Kh2 Bd3 42. Nf3 Qf1 43. Qd2 Be4 44. Qe1 Qc4 45. Nd4 Qxa4 46. Qe2 Qc4 47. Qxc4 dxc4 48. f3 Bd5 49. Kg2 a4 50. Nb5 Kg7 51. Kf2 Kf7 52. Ke3 Ke7 53. Na3 Kd6 54. Ke2 Kc5 55. Ke3 Bc6 56. Ke2 Bd7 1/2-1/2

[Event "World ol U16"]
[Site "Eindhoven"]
[Date "2023.08.15"]
[Round "5.6"]
[White "Borrmann, Laurenz"]
[Black "Asllani, Dorian"]
[Result "1-0"]
[WhiteElo "2284"]
[BlackElo "2226"]
[PlyCount "148"]
[EventDate "2023.08.13"]
[EventType "team-swiss"]
[EventRounds "9"]
[EventCountry "NED"]
[SourceTitle "CBM 215 Extra"]
[Source "ChessBase"]
[SourceDate "2023.09.30"]
[SourceVersion "1"]
[SourceVersionDate "2023.09.30"]
[SourceQuality "1"]
[WhiteTeam "Austria"]
[BlackTeam "Switzerland"]
[WhiteTeamCountry "AUT"]
[BlackTeamCountry "SUI"]

1. e4 c5 2. Nf3 Nc6 3. d4 cxd4 4. Nxd4 g6 5. c4 Bg7 6. Be3 Nf6 7. Nc3 0-0 8. Be2 d6 9. 0-0 Bd7 10. Nc2 Rc8 11. Rc1 Qa5 12. h3 Ne5 13. Na3 Be6 14. Nd5 Bxd5 15. exd5 Ne4 16. Nb5 a6 17. Nd4 f5 18. Ne6 Rf7 19. a3 Bh8 20. Qb3 Rb8 21. Bb6 Qd2 22. Rc2 Qh6 23. Ba7 Re8 24. Qxb7 f4 25. f3 Ng3 26. Re1 g5 27. Nd4 Qh4 28. Nc6 e6 29. Qxa6 exd5 30. Nxe5 Bxe5 31. cxd5 Ne4 32. Rd1 Ng3 33. Bb5 Ree7 34. Bf2 g4 35. Qc8+ Kg7 36. Qxg4+ Qxg4 37. hxg4 Rf6 38. g5 Rg6 39. Bb6 Rxg5 40. Rc7 Rxc7 41. Bxc7 Bxb2 42. Bxd6 Rh5 43. Rd2 Bc1 44. Bxf4 Bxd2 45. Bxd2 Rxd5 46. Bc3+ Kf8 47. Bb4+ Kg7 48. a4 Nf5 49. Bc6 Rd1+ 50. Kf2 Rc1 51. Be4 Nd4 52. a5 Nb5 53. Bd2 Ra1 54. Bc6 Ra2 55. Ke3 Nd6 56. Bd5 Ra3+ 57. Kd4 Ra4+ 58. Kc5 Nc8 59. Bb7 Ne7 60. a6 Nf5 61. Kb6 Nd6 62. Bc3+ Kh6 63. Kc6 Nf5 64. Bf6 Ne3 65. Kb6 Ra2 66. Bd4 Nf5 67. Bc5 Rxg2 68. a7 Rb2+ 69. Kc6 Ra2 70. a8Q Rxa8 71. Bxa8 Kg5 72. Kd5 Kf4 73. Ke6 h5 74. Be4 Nh4 1-0

[Event "World ol U16"]
[Site "Eindhoven"]
[Date "2023.08.13"]
[Round "1.11"]
[White "Pusara, Mihailo"]
[Black "Borrmann, Laurenz"]
[Result "0-1"]
[WhiteElo "1938"]
[BlackElo "2284"]
[PlyCount "88"]
[EventDate "2023.08.13"]
[EventType "team-swiss"]
[EventRounds "9"]
[EventCountry "NED"]
[SourceTitle "CBM 215 Extra"]
[Source "ChessBase"]
[SourceDate "2023.09.30"]
[SourceVersion "1"]
[SourceVersionDate "2023.09.30"]
[SourceQuality "1"]
[WhiteTeam "Montenegro"]
[BlackTeam "Austria"]
[WhiteTeamCountry "MNE"]
[BlackTeamCountry "AUT"]

1. e4 c6 2. d4 d5 3. exd5 cxd5 4. Bd3 Nf6 5. h3 Nc6 6. c3 e5 7. dxe5 Nxe5 8. Bb5+ Bd7 9. Bxd7+ Qxd7 10. Nf3 Nxf3+ 11. Qxf3 Qe6+ 12. Be3 Bc5 13. Nd2 0-0 14. 0-0 Bxe3 15. Qxe3 Qxe3 16. fxe3 Rfe8 17. Rfe1 Re7 18. Re2 Rae8 19. Rae1 h5 20. g3 Nd7 21. Nf3 Nc5 22. Rd2 Rxe3 23. Rxe3 Rxe3 24. Rxd5 Ne4 25. Rd8+ Kh7 26. Re8 Rxf3 27. Rxe4 Rxg3+ 28. Kh2 Rd3 29. Re2 f6 30. c4 Kg8 31. b3 Kf7 32. Kg2 g5 33. Rc2 f5 34. b4 g4 35. hxg4 hxg4 36. Kf2 Ke6 37. Re2+ Kd6 38. Rc2 f4 39. Ke2 Rh3 40. Rd2+ Kc6 41. Rd4 f3+ 42. Kf2 Rh2+ 43. Kf1 g3 44. Rg4 Rh1# 0-1

[Event "AUT-ch"]
[Site "Vienna"]
[Date "2023.07.29"]
[Round "8"]
[White "Borrmann, Laurenz"]
[Black "Bagwe, Gaurang"]
[Result "1/2-1/2"]
[WhiteElo "2292"]
[BlackElo "2205"]
[PlyCount "99"]
[EventDate "2023.07.22"]
[EventType "swiss"]
[EventRounds "9"]
[EventCountry "AUT"]
[SourceTitle "CBM 215 Extra"]
[Source "ChessBase"]
[SourceDate "2023.09.30"]
[SourceVersion "1"]
[SourceVersionDate "2023.09.30"]
[SourceQuality "1"]

1. d4 d5 2. c4 e6 3. Nf3 Nf6 4. Qc2 Be7 5. cxd5 exd5 6. Bf4 c6 7. Nc3 0-0 8. h3 Be6 9. e3 h6 10. Bd3 a5 11. 0-0 Na6 12. a3 Rc8 13. Bxa6 bxa6 14. Na4 Ne4 15. Qe2 g5 16. Bh2 g4 17. hxg4 Bxg4 18. Qd3 Bxf3 19. gxf3 Bd6 20. Bxd6 Qxd6 21. Rfd1 Ng5 22. Qf5 Qe6 23. Qxe6 Nxf3+ 24. Kg2 fxe6 25. Nc5 Rf6 26. Nd7 Rf7 27. Nc5 Re8 28. Rh1 Kh7 29. Rh3 Rg8+ 30. Rg3 Rxg3+ 31. fxg3 e5 32. Rf1 e4 33. Nxa6 Rb7 34. b4 Rb6 35. Nc5 axb4 36. Rb1 Rb5 37. Rxb4 Rxb4 38. axb4 Ne1+ 39. Kf2 Nc2 40. Na6 Kg6 41. Ke2 Kf5 42. Kd2 Na3 43. Nb8 Kg4 44. Ke2 Kxg3 45. Nxc6 h5 46. Ne7 h4 47. Nf5+ Kg4 48. Ne7 Nb5 49. Nxd5 Kg3 50. Kf1 1/2-1/2

[Event "AUT-ch"]
[Site "Vienna"]
[Date "2023.07.24"]
[Round "3"]
[White "Peyrer, Konstantin"]
[Black "Borrmann, Laurenz"]
[Result "1-0"]
[WhiteElo "2423"]
[BlackElo "2292"]
[PlyCount "147"]
[EventDate "2023.07.22"]
[EventType "swiss"]
[EventRounds "9"]
[EventCountry "AUT"]
[SourceTitle "CBM 215 Extra"]
[Source "ChessBase"]
[SourceDate "2023.09.30"]
[SourceVersion "1"]
[SourceVersionDate "2023.09.30"]
[SourceQuality "1"]

1. d4 Nf6 2. c4 e6 3. Nc3 Bb4 4. e3 0-0 5. Bd2 d5 6. Nf3 b6 7. cxd5 exd5 8. Rc1 Bb7 9. Bd3 Re8 10. 0-0 Bf8 11. Ne5 c5 12. f4 Nc6 13. Ne2 c4 14. Bb1 b5 15. Ng3 Ne7 16. h4 Ne4 17. Nxe4 dxe4 18. Qg4 Nd5 19. Qh3 Bb4 20. Bc3 f6 21. Ng4 Bxc3 22. bxc3 Qa5 23. Qg3 Kh8 24. Qe1 Rac8 25. h5 b4 26. h6 Nxc3 27. f5 Qc7 28. Rxc3 bxc3 29. Qh4 Rf8 30. Rf4 Bd5 31. hxg7+ Qxg7 32. Nh6 Rb8 33. Bc2 Rb2 34. Rg4 Qd7 35. Bxe4 c2 36. Bxc2 Rxc2 37. e4 Re2 38. exd5 Ree8 39. Qg3 Rc8 40. Qc3 Qxd5 41. Kh2 Qd6+ 42. Kh1 Rc7 43. Re4 Re7 44. Rg4 Rc8 45. d5 Qe5 46. Qxe5 fxe5 47. f6 Rd7 48. f7 Rdd8 49. d6 c3 50. d7 Rb8 51. Rg8+ Rxg8 52. fxg8R+ Rxg8 53. Nxg8 c2 54. d8Q c1Q+ 55. Kh2 Qf4+ 56. Kh3 Qf5+ 57. Kh2 Qf4+ 58. g3 Qf2+ 59. Kh3 Qf1+ 60. Kg4 Qc4+ 61. Kf5 Qxg8 62. Qf6+ Qg7 63. Kxe5 h6 64. a4 Qxf6+ 65. Kxf6 Kh7 66. a5 a6 67. g4 h5 68. gxh5 Kh6 69. Ke6 Kxh5 70. Kd6 Kg6 71. Kc6 Kf7 72. Kb6 Ke7 73. Kxa6 Kd8 74. Kb7 1-0

[Event "AUT-ch"]
[Site "Vienna"]
[Date "2023.07.22"]
[Round "1"]
[White "Jaiveer, Mahendru"]
[Black "Borrmann, Laurenz"]
[Result "0-1"]
[WhiteElo "2004"]
[BlackElo "2292"]
[PlyCount "88"]
[EventDate "2023.07.22"]
[EventType "swiss"]
[EventRounds "9"]
[EventCountry "AUT"]
[SourceTitle "CBM 215 Extra"]
[Source "ChessBase"]
[SourceDate "2023.09.30"]
[SourceVersion "1"]
[SourceVersionDate "2023.09.30"]
[SourceQuality "1"]

1. e4 e6 2. d4 d5 3. Nd2 c5 4. Ngf3 Nc6 5. exd5 exd5 6. dxc5 Bxc5 7. Nb3 Bb6 8. Be2 Nf6 9. 0-0 0-0 10. Bg5 h6 11. Bxf6 Qxf6 12. c3 Re8 13. Re1 Bg4 14. Nbd2 d4 15. Nxd4 Nxd4 16. cxd4 Bxd4 17. Bf3 Bxb2 18. Rb1 Bf5 19. Ne4 Qd4 20. Qxd4 Bxd4 21. Rxb7 Bb6 22. g4 Be6 23. Ng3 Rac8 24. Re2 g6 25. Kg2 Kf8 26. h3 Rc3 27. Rd2 Ra3 28. Bc6 Re7 29. Ne4 Rxb7 30. Bxb7 Rxa2 31. Rxa2 Bxa2 32. g5 hxg5 33. Nxg5 a5 34. Ne4 Bd4 35. Bc6 Bb3 36. Nd2 Bc2 37. Nc4 a4 38. Na3 Bb3 39. Be4 Bb2 40. Nb1 a3 41. Nxa3 Bxa3 42. h4 Kg7 43. Kg3 Bd1 44. f3 Bd6+ 0-1

[Event "Titled Tuesday intern op 11th Jul Early"]
[Site "Chess.com INT"]
[Date "2023.07.11"]
[Round "10"]
[White "Avazkhonov, Alikhon"]
[Black "Borrmann, Laurenz"]
[Result "0-1"]
[WhiteElo "1538"]
[BlackElo "2292"]
[PlyCount "90"]
[EventDate "2023.07.11"]
[EventType "swiss (blitz)"]
[EventRounds "11"]
[EventCountry "USA"]
[SourceTitle "EXT 2024"]
[Source "ChessBase"]
[SourceDate "2023.10.10"]
[SourceVersion "1"]
[SourceVersionDate "2023.10.10"]
[SourceQuality "1"]

1. d4 f5 2. g3 Nf6 3. Bg2 e6 4. Nh3 Nc6 5. 0-0 Be7 6. c4 0-0 7. Nc3 Qe8 8. Nf4 g5 9. Nh3 h6 10. e4 f4 11. e5 Nh5 12. Bf3 Ng7 13. gxf4 Nf5 14. Bh5 Qd8 15. d5 Ncd4 16. fxg5 Bc5 17. Ne4 b6 18. gxh6 Qh4 19. Qg4+ Qxg4+ 20. Bxg4 Bb7 21. Nf6+ Kh8 22. h7 exd5 23. Nf4 Rxf6 24. exf6 Kxh7 25. Be3 Rg8 26. h3 dxc4 27. f7 Rg7 28. Kh2 Bd6 29. Rg1 Rxf7 30. Bh5 Nxe3 31. fxe3 Rxf4 32. exf4 Bxf4+ 33. Rg3 Kh6 34. Bg4 Kg5 35. Rf1 Bd6 36. Bxd7+ Kh4 37. Rf7 Bxg3+ 38. Kg1 Bd6 39. Rh7+ Kg3 40. Rg7+ Kf4 41. Rg4+ Ke3 42. h4 Ne2+ 43. Kf1 Bf3 44. Rg5 Ng3+ 45. Ke1 Bb4# 0-1

[Event "Titled Tuesday intern op 11th Jul Early"]
[Site "Chess.com INT"]
[Date "2023.07.11"]
[Round "1"]
[White "Mishra, Manoj"]
[Black "Borrmann, Laurenz"]
[Result "0-1"]
[WhiteElo "1902"]
[BlackElo "2292"]
[PlyCount "68"]
[EventDate "2023.07.11"]
[EventType "swiss (blitz)"]
[EventRounds "11"]
[EventCountry "USA"]
[SourceTitle "EXT 2024"]
[Source "ChessBase"]
[SourceDate "2023.10.10"]
[SourceVersion "1"]
[SourceVersionDate "2023.10.10"]
[SourceQuality "1"]

1. d4 f5 2. e4 fxe4 3. Nc3 Nf6 4. Bg5 Nc6 5. d5 Ne5 6. Bxf6 exf6 7. Nxe4 Nf7 8. Qe2 Be7 9. 0-0-0 0-0 10. h4 f5 11. Ng3 Nd6 12. h5 a5 13. Nh3 b6 14. Kb1 a4 15. a3 Bf6 16. Nf4 Ba6 17. Qf3 Bxf1 18. Nxf1 b5 19. Ne3 Qb8 20. g4 b4 21. Nxf5 bxa3 22. Qxa3 Nc4 23. Qa2 Nxb2 24. Kc1 d6 25. g5 Bxg5 26. Qxb2 Bxf4+ 27. Kb1 a3 28. Qxb8 Rfxb8+ 29. Ka1 Rb2 30. h6 Rxc2 31. Nd4 Be5 32. hxg7 a2 33. f4 Rc1+ 34. Kb2 a1Q+ 0-1

[Event "Ceske Budejovice GM-B"]
[Site "Ceske Budejovice"]
[Date "2023.07.08"]
[Round "8"]
[White "Borrmann, Laurenz"]
[Black "Heimisson, Hilmir Freyr"]
[Result "1-0"]
[WhiteElo "2292"]
[BlackElo "2404"]
[PlyCount "55"]
[EventDate "2023.07.01"]
[EventType "tourn"]
[EventRounds "9"]
[EventCountry "CZE"]
[EventCategory "5"]
[SourceTitle "CBM 215 Extra"]
[Source "ChessBase"]
[SourceDate "2023.09.30"]
[SourceVersion "1"]
[SourceVersionDate "2023.09.30"]
[SourceQuality "1"]

1. d4 Nf6 2. c4 e6 3. Nc3 Bb4 4. Nf3 d5 5. Bg5 h6 6. Bxf6 Qxf6 7. e3 0-0 8. Rc1 dxc4 9. Bxc4 c5 10. 0-0 cxd4 11. Ne4 Qf5 12. Ng3 Qa5 13. exd4 Nc6 14. Qe2 Rd8 15. Rfd1 Ne7 16. Ne5 Nd5 17. Nh5 Bf8 18. Qg4 Qb6 19. h4 Qd6 20. Rd3 f6 21. Rg3 fxe5 22. Qg6 exd4 23. Bxd5 exd5 24. Nf6+ Qxf6 25. Qxf6 Bd7 26. Rc7 d3 27. Rxd7 Rxd7 28. Qe6+ 1-0

[Event "Ceske Budejovice GM-B"]
[Site "Ceske Budejovice"]
[Date "2023.07.06"]
[Round "6"]
[White "Borrmann, Laurenz"]
[Black "Svanda, Ondrej"]
[Result "1/2-1/2"]
[WhiteElo "2292"]
[BlackElo "2358"]
[PlyCount "109"]
[EventDate "2023.07.01"]
[EventType "tourn"]
[EventRounds "9"]
[EventCountry "CZE"]
[EventCategory "5"]
[SourceTitle "CBM 215 Extra"]
[Source "ChessBase"]
[SourceDate "2023.09.30"]
[SourceVersion "1"]
[SourceVersionDate "2023.09.30"]
[SourceQuality "1"]

1. d4 Nf6 2. c4 g6 3. Nc3 Bg7 4. e4 d6 5. h3 Nbd7 6. Be3 e5 7. d5 h5 8. Bd3 Bh6 9. Bxh6 Rxh6 10. Nf3 Kf8 11. b4 a5 12. a3 h4 13. Qd2 Kg7 14. 0-0 Nh5 15. Qg5 Qxg5 16. Nxg5 Nb8 17. c5 Nf4 18. Bc4 Bd7 19. Rfb1 Rh8 20. Nb5 Na6 21. cxd6 Bxb5 22. Bxb5 cxd6 23. Bxa6 Rxa6 24. bxa5 Kf6 25. Nf3 Ne2+ 26. Kf1 Nc3 27. Rxb7 Nxe4 28. Rb6 Rxa5 29. Re1 Ra4 30. Nxe5 Kxe5 31. f3 f5 32. fxe4 fxe4 33. Rb7 Rf8+ 34. Kg1 Kxd5 35. Re7 Rc8 36. Rg7 Rxa3 37. Rxg6 Re8 38. Rd1+ Rd3 39. Ra1 Ke5 40. Ra5+ Kf4 41. Kf2 e3+ 42. Ke2 Rd2+ 43. Ke1 e2 44. g3+ Kf3 45. Ra3+ Kg2 46. gxh4+ Kh2 47. Ra1 Rd3 48. Rf6 Kxh3 49. Rf2 Rg3 50. Kd2 Rg2 51. Rxg2 Kxg2 52. Ke1 d5 53. Ra3 d4 54. Rd3 Re4 55. h5 1/2-1/2

[Event "Ceske Budejovice GM-B"]
[Site "Ceske Budejovice"]
[Date "2023.07.03"]
[Round "3"]
[White "Mitrabha, Guha"]
[Black "Borrmann, Laurenz"]
[Result "1-0"]
[WhiteElo "2515"]
[BlackElo "2292"]
[PlyCount "135"]
[EventDate "2023.07.01"]
[EventType "tourn"]
[EventRounds "9"]
[EventCountry "CZE"]
[EventCategory "5"]
[SourceTitle "CBM 215 Extra"]
[Source "ChessBase"]
[SourceDate "2023.09.30"]
[SourceVersion "1"]
[SourceVersionDate "2023.09.30"]
[SourceQuality "1"]

1. c4 e5 2. g3 Nf6 3. Bg2 Bc5 4. Nc3 0-0 5. e3 c6 6. Nge2 d5 7. cxd5 cxd5 8. d4 exd4 9. Nxd4 Bg4 10. Qc2 Bxd4 11. exd4 Nc6 12. Be3 Qd7 13. 0-0 Bh3 14. Bg5 Bxg2 15. Kxg2 Ne4 16. Be3 Nxc3 17. Qxc3 Rac8 18. Qd2 Rfe8 19. Rac1 Ne7 20. Bf4 Rxc1 21. Rxc1 Rc8 22. Re1 Ng6 23. h3 h6 24. Re2 a6 25. Qe3 Kh7 26. Qd3 Qc6 27. Bd2 Qc4 28. Qf3 Kg8 29. h4 Qc7 30. Qxd5 Rd8 31. Qe4 Qc4 32. Bc3 Rd6 33. Qe8+ Kh7 34. h5 Qd5+ 35. Qe4 Qxh5 36. Re3 Re6 37. Qf3 Qg5 38. Qxf7 Rf6 39. Qxb7 Nf4+ 40. Kf1 Nd5 41. Re2 Qf5 42. Qa8 Qf3 43. Ke1 Qh1+ 44. Kd2 Rf3 45. Qe8 Nf6 46. Qa4 Qf1 47. Qc2+ Kh8 48. Qg6 Rxf2 49. Rxf2 Qxf2+ 50. Kc1 Qf1+ 51. Kc2 Qe2+ 52. Kb3 Qb5+ 53. Ka3 Nd5 54. Qf5 Kg8 55. b3 h5 56. Bd2 Qc6 57. Qxh5 Nf6 58. Qc5 Qf3 59. Bf4 Nd5 60. Be5 Nc3 61. Qc4+ Kh7 62. Qxa6 Qf8+ 63. Kb2 Nd1+ 64. Kc2 Ne3+ 65. Kd2 Qf2+ 66. Qe2 Nf1+ 67. Kd3 Qf5+ 68. Qe4 1-0